[Event "Tournament (Elo) (a)"]
[Site "masterchessopen.com Budapest (Hungary)"]
[Date "2006.04.02"]
[Round "2"]
[White "Bennett David Michael (USA)"]
[Black "Machin Arbelo Pedro Alexis (ESP)"]
[Result "1-0"]
[WhiteElo "2198"]
[BlackElo "2117"]

1.d4 Nf6 2.Nf3 e6 3.c4 d5 4.g3 Bb4+ 5.Bd2 Be7 6.Bg2 O-O 7.Qc2 Nbd7 8.O-O c5
9.dxc5 Nxc5 10.cxd5 exd5 11.Be3 Nce4 12.Nc3 Bf5 13.Qb3 Nxc3 14.bxc3 b6 15.Nd4
Be6 16.Nxe6 fxe6 17.c4 Qd7 18.cxd5 Nxd5 19.Rad1 Rad8 20.Bd4 Qe8 21.e4 Nc7
22.Be5 Rxd1 23.Qxd1 Bd8 24.Bh3 Qf7 25.Qe2 Re8 26.Rc1 Na8 27.Qc4 Bf6 28.Bd6 e5
29.Qc6 Bg5 30.Rc2 Bf6 31.Bf1 Qh5 32.Be2 Qg6 33.Qd7 Rd8 34.Rc8 Qf7 35.Rxd8+
{#r} 1-0

[Event "Tournament (Elo) (a)"]
[Site "masterchessopen.com Budapest (Hungary)"]
[Date "2008.02.02"]
[Round "1"]
[White "Mizsei Janos (HUN)"]
[Black "Lakat Gyula (HUN)"]
[Result "1-0"]
[WhiteElo "2044"]
[BlackElo "1928"]

1.d4 Nf6 2.c4 e6 3.Nf3 d5 4.g3 Bb4+ 5.Bd2 Be7 6.Bg2 O-O 7.O-O Ne4 8.Nc3 Nxd2
9.Qxd2 dxc4 10.Rfd1 a6 11.Ne5 Ra7 12.a4 b6 13.Nxc4 Bb7 14.e4 Nd7 15.Rac1 Bb4
16.Qc2 Qe7 17.Na2 b5 18.Nxb4 Qxb4 19.Ne3 Ba8 20.Ra1 Rb8 21.axb5 Rxb5 22.d5 e5
23.Bf1 Rc5 24.Qa4 Qxa4 25.Rxa4 Bb7 26.Rda1 Nb6 27.R4a3 Ra8 28.b4 Rb5 29.Bxb5
axb5 30.Rxa8+ Bxa8 31.Ra7 Kf8 32.Rxc7 Ke8 33.Rc5 Kd7 34.Rxb5 Kc7 35.Rc5+ Kd7
36.Nc4 {#r} 1-0

[Event "Tournament (Elo) (a)"]
[Site "masterchessopen.com Budapest (Hungary)"]
[Date "2008.03.01"]
[Round "1"]
[White "Darazs Zoltan (HUN)"]
[Black "Lakat Gyula (HUN)"]
[Result "1-0"]
[WhiteElo "2234"]
[BlackElo "1928"]

1.d4 Nf6 2.c4 e6 3.Nf3 d5 4.g3 Bb4+ 5.Bd2 Be7 6.Bg2 O-O 7.O-O c5 8.cxd5 exd5
9.dxc5 Bxc5 10.Bg5 Be7 11.Nc3 Be6 12.Nd4 h6 13.Bf4 Nc6 14.Rc1 Qb6 15.Nb3 Rfd8
16.Na4 Qb5 17.Nac5 Bd6 18.Be3 Rab8 19.Nd4 Nxd4 20.Bxd4 b6 21.Nd3 Rbc8 22.Bxf6
gxf6 23.Qd2 Kg7 24.b3 f5 25.Qb2+ f6 26.a4 Qd7 27.Qd4 Qf7 28.Bf3 Kh7 29.Rfd1
Bc5 30.Qh4 Bd6 31.Qd4 Bc5 32.Nxc5 bxc5 33.Rxc5 Rxc5 34.Qxc5 Qb7 35.b4 Kg6
36.Qe3 Bf7 37.Qf4 Qd7 38.b5 Qd6 39.Bh5+ Kg7 40.Qxf5 Bxh5 41.Qxh5 Qe5 42.Qg4+
Kh7 43.e3 f5 44.Qf4 Qxf4 45.gxf4 Kg6 46.a5 Kf6 47.Rc1 Rb8 48.Rc6+ Ke7 49.b6
axb6 50.axb6 h5 51.Rh6 {#r} 1-0

[Event "Tournament (Provincial Preferente)"]
[Site "masterchessopen.com Valencia (Spain)"]
[Date "2009.11.21"]
[Round "7"]
[White "Palacios Perez Jose Luis (ESP)"]
[Black "Bixquert Jimenez Francisco (ESP)"]
[Result "0-1"]
[WhiteElo "1916"]
[BlackElo "1977"]

1.d4 Nf6 2.Nf3 e6 3.c4 d5 4.g3 Bb4+ 5.Bd2 Be7 6.Bc3 O-O 7.Nbd2 c6 8.Bg2 b6
9.O-O Bb7 10.Qc2 Na6 11.e4 Rc8 12.e5 Ne8 13.cxd5 cxd5 14.Qd3 Nb4 15.Bxb4 Bxb4
16.Rac1 Be7 17.Rc2 Ba6 18.Qxa6 Rxc2 19.Qxa7 Qc7 20.Qa6 Qc6 21.b3 Nc7 22.Qd3
Rxa2 23.h4 Qc2 24.Qe3 Nb5 25.h5 Rc8 26.h6 Qf5 27.hxg7 Rc3 28.Qh6 Qg6 29.Qf4
Kxg7 30.Bh3 h6 31.Re1 Bg5 32.Nxg5 hxg5 33.Qf6+ Qxf6 34.exf6+ Kxf6 {#R} 0-1

[Event "Tournament (b)"]
[Site "masterchessopen.com Warsaw (Poland)"]
[Date "2006.07.12"]
[Round "2"]
[White "Kosny Marek (POL)"]
[Black "Pietrzak Wojciech (POL)"]
[Result "0-1"]
[WhiteElo "1971"]
[BlackElo "1966"]

1.Nf3 e6 2.c4 Nf6 3.g3 d5 4.d4 Bb4+ 5.Bd2 Qe7 6.Qa4+ Nc6 7.Ne5 Bxd2+ 8.Nxd2
Bd7 9.Nxd7 Qxd7 10.e3 O-O 11.Bg2 a6 12.O-O Rfb8 13.cxd5 Nxd5 14.Rac1 Ra7 15.a3
b5 16.Qc2 Rb6 17.Rfd1 Nce7 18.Ne4 b4 19.Nc5 Qd8 20.e4 Nf6 21.a4 a5 22.Qe2 Nd7
23.Qe3 Rd6 24.Nb3 Nb6 25.Nc5 Nd7 26.b3 Nxc5 27.Rxc5 c6 28.d5 Rad7 29.Rdc1 exd5
30.e5 Rh6 31.g4 d4 32.Qd3 Nd5 33.Rxc6 Rxc6 34.Rxc6 Nf4 35.Qc4 Qe7 36.Bf1 h5
37.Rc8+ Kh7 38.Bd3+ g6 39.Rc5 Qh4 40.Bf1 Qxg4+ 41.Kh1 Qf3+ 42.Bg2 Qxg2# 0-1

[Event "Tournament (c)"]
[Site "masterchessopen.com Gran Canarian (Spain)"]
[Date "2009.03.18"]
[Round "2"]
[White "Leon Varela Luis (ESP)"]
[Black "Roque Hernandez Francisco (ESP)"]
[Result "1-0"]
[WhiteElo "2121"]
[BlackElo "1790"]

1.d4 d5 2.Nf3 Nf6 3.c4 e6 4.g3 Bb4+ 5.Bd2 Bxd2+ 6.Nbxd2 c6 7.Bg2 O-O 8.O-O
Nbd7 9.Qc2 Re8 10.Rfd1 e5 11.dxe5 Nxe5 12.Nxe5 Rxe5 13.cxd5 Rxe2 14.Bf3 Re8
15.dxc6 Qb6 16.Nc4 Qc7 17.Nd6 bxc6 18.Nxe8 Nxe8 19.Qxc6 {#r} 1-0

[Event "Tournament (municipal) (final)"]
[Site "masterchessopen.com Habana (Cuba)"]
[Date "2009.12.16"]
[Round "4"]
[White "Zayas Alfredo (CUB)"]
[Black "Martinez Ival Carlos (CUB)"]
[Result "1-0"]
[WhiteElo "2147"]
[BlackElo "2081"]

1.d4 Nf6 2.c4 e6 3.g3 d5 4.Nf3 Bb4+ 5.Bd2 Be7 6.Bg2 c6 7.Qc2 O-O 8.O-O b6 9.b3
Ba6 10.Bf4 Nbd7 11.Nbd2 Rc8 12.e4 c5 13.exd5 exd5 14.Rfe1 cxd4 15.Nxd4 Bb4
16.Nf5 Ne4 17.Bxe4 dxe4 18.Qxe4 Nf6 19.Qc2 Qd7 20.a3 Bxd2 21.Bxd2 Rc5 22.Ne7+
Kh8 23.Bb4 Rh5 24.Rad1 Qh3 25.f3 Rg5 26.Qg2 Qh5 27.f4 Rg4 28.Re4 g5 29.Rde1
Rb8 30.h3 Bb7 31.Nd5 {#r} 1-0

[Event "Tournament (open)"]
[Site "masterchessopen.com Naberezhnye Chelny (Russia)"]
[Date "2009.03.15"]
[Round "8"]
[White "Ponomaryova Marina (RUS)"]
[Black "Bekchintaev Marat (RUS)"]
[Result "1-0"]
[WhiteElo "2093"]
[BlackElo "1967"]

1.d4 Nf6 2.c4 e6 3.Nf3 d5 4.g3 Bb4+ 5.Bd2 Be7 6.Bg2 Ne4 7.O-O Nd7 8.Nc3 Ndf6
9.Ne5 O-O 10.e3 c5 11.cxd5 exd5 12.f3 cxd4 13.exd4 Nxd2 14.Qxd2 Bf5 15.g4 Be6
16.h3 Rc8 17.f4 Bb4 18.Rac1 Ne4 19.Qe3 f5 20.gxf5 Bxf5 21.Nxe4 Rxc1 22.Qxc1
Qb6 23.Nc5 Be4 24.a3 Bxg2 25.Kxg2 Bxc5 26.Qxc5 Qxb2+ 27.Rf2 Qb3 28.Qd6 h5
29.Qe6+ Kh7 30.Qg6+ Kg8 31.f5 Rf6 32.Qe8+ Kh7 33.Nf7 {#r} 1-0

[Event "Tournament (open)"]
[Site "masterchessopen.com Novosibirsk (Russia)"]
[Date "2010.09.21"]
[Round "8"]
[White "Krasnikov Mikhail (RUS)"]
[Black "Vasiliev Igor (EST)"]
[Result "1-0"]
[WhiteElo "1935"]
[BlackElo "2271"]

1.d4 d5 2.c4 e6 3.Nf3 Nf6 4.g3 Bb4+ 5.Bd2 Bxd2+ 6.Nbxd2 O-O 7.Bg2 c6 8.O-O
Nbd7 9.Qc2 b6 10.Rfd1 Ba6 11.Rac1 c5 12.Ne5 cxd4 13.Nc6 Qc7 14.cxd5 Qd6
15.dxe6 fxe6 16.Ne4 Nxe4 17.Bxe4 Nf6 18.Rxd4 Qc7 19.Bg2 Rac8 20.Qb3 Qf7 21.Bh3
Rce8 22.Rd6 Ng4 23.Bxg4 Qxf2+ 24.Kh1 Bxe2 25.Rxe6 {#r} 1-0

[Event "Tournament (open)"]
[Site "masterchessopen.com Kimry (Russia)"]
[Date "2011.04.29"]
[Round "1"]
[White "Patsyk Aleksandr (RUS)"]
[Black "Atamyradova Zheren (RUS)"]
[Result "1-0"]
[WhiteElo "2170"]
[BlackElo "1508"]

1.Nf3 d5 2.d4 Nf6 3.c4 e6 4.g3 Bb4+ 5.Bd2 Bxd2+ 6.Nbxd2 Nc6 7.Bg2 O-O 8.O-O b6
9.cxd5 exd5 10.Rc1 Bb7 11.Qa4 Qd6 12.a3 Rfe8 13.e3 h6 14.Rc2 a6 15.b4 b5
16.Qb3 Rac8 17.Rfc1 Qd7 18.Rc5 Ne7 19.Ne5 Qd6 20.Bh3 Rb8 21.Rxc7 Bc8 22.Bg2
Rb7 23.R7c5 Bd7 24.Nxd7 Qxd7 25.Nf3 Ne4 26.R5c2 Ng6 27.Nd2 Rbb8 28.Nxe4 dxe4
29.Rc7 Qf5 30.R1c5 Qe6 31.Qc2 Rbd8 32.R5c6 Qd5 33.Rxa6 Rb8 34.Raa7 Nh8 35.Rc5
Qe6 36.Re5 Qc4 37.Qxc4 bxc4 38.Rxe8+ Rxe8 39.Rc7 Ra8 40.Rxc4 Rxa3 41.Bxe4 {#r}
1-0

[Event "Tournament (open)"]
[Site "masterchessopen.com Ribeirao Preto (Brazil)"]
[Date "2011.07.03"]
[Round "5"]
[White "Brandao Renan Alves (BRA)"]
[Black "Kina Caio Garcia (BRA)"]
[Result "1-0"]
[WhiteElo "2092"]
[BlackElo "1874"]

1.d4 Nf6 2.c4 e6 3.g3 d5 4.Nf3 Bb4+ 5.Bd2 Be7 6.Bg2 O-O 7.Qc2 a6 8.O-O dxc4
9.Qxc4 b5 10.Qc2 Bb7 11.Rc1 Bd6 12.Bg5 Nbd7 13.Nbd2 c5 14.Bxf6 Qxf6 15.Ne5
Nxe5 16.dxe5 Bxe5 17.Bxb7 Rab8 18.Ne4 Qe7 19.Qxc5 Qxc5 20.Rxc5 {#r} 1-0

[Event "Tournament (open)"]
[Site "masterchessopen.com Abaza (Russia)"]
[Date "2012.07.24"]
[Round "4"]
[White "Resmyatova Antonina (RUS)"]
[Black "Tikhomirov Alexey (UKR)"]
[Result "0-1"]
[WhiteElo "1759"]
[BlackElo "2217"]

1.d4 Nf6 2.Nf3 d5 3.c4 e6 4.g3 Bb4+ 5.Bd2 Bxd2+ 6.Qxd2 O-O 7.Bg2 Na6 8.O-O c5
9.Rd1 Qe7 10.cxd5 exd5 11.Nc3 Be6 12.dxc5 Nxc5 13.Qd4 Rac8 14.Rac1 h6 15.Ne5
a6 16.Nxd5 Bxd5 17.Bxd5 Nxd5 18.Qxd5 Rcd8 19.Ng6 Qf6 20.Qxc5 Qxg6 21.Qc7 Rde8
22.e3 Re6 23.b3 b5 24.Rd7 h5 25.Rd4 Qg5 26.Rc6 Rxe3 27.Rxa6 Re1+ 28.Kg2 Qf5
29.Qf4 Qc8 30.Rb6 Qa8+ 31.Qf3 Rg1+ 32.Kxg1 Qxf3 {#R} 0-1

[Event "Tournament (open) (b)"]
[Site "masterchessopen.com Natal (Brazil)"]
[Date "2012.02.18"]
[Round "2"]
[White "Oliveira Jr Antonio Fernandes (BRA)"]
[Black "Melo Silvio Sa de"]
[Result "1-0"]
[WhiteElo "1852"]
[BlackElo "1926"]

1.d4 d5 2.c4 e6 3.Nf3 Nf6 4.g3 Bb4+ 5.Bd2 Bxd2+ 6.Nbxd2 O-O 7.Bg2 c6 8.O-O
Nbd7 9.Qc2 dxc4 10.Nxc4 Nb6 11.Nce5 Nfd7 12.e4 Qc7 13.b4 Nxe5 14.Nxe5 Nd7
15.Nxd7 Bxd7 16.e5 Qb6 17.Qc5 Rfd8 18.Rfd1 Be8 19.a4 Rd7 20.a5 Qxc5 21.dxc5
Rad8 22.Rd6 a6 23.f4 g6 24.Rad1 Rxd6 25.Rxd6 Rxd6 26.cxd6 Bd7 27.Kf2 Kf8
28.Ke3 Ke8 29.g4 Kd8 30.h4 Ke8 31.Kd4 Kd8 32.Be4 Kc8 33.Kc5 h6 34.h5 gxh5
35.gxh5 Kb8 36.Kb6 Kc8 37.Ka7 Be8 38.f5 Bd7 39.f6 Be8 40.Bh7 c5 41.bxc5 Bc6
42.Bg8 Be8 43.Ka8 Bc6 44.Bxf7 b5+ 45.Ka7 Bd5 46.Bg6 {#r} 1-0

[Event "Tournament (qual-olympiad)"]
[Site "masterchessopen.com Kampala (Uganda)"]
[Date "2012.05.06"]
[Round "10"]
[White "Kawuma Patrick"]
[Black "Mawanda Michael"]
[Result "1-0"]
[WhiteElo "2168"]
[BlackElo "2000"]

1.Nf3 Nf6 2.c4 e6 3.g3 d5 4.d4 Bb4+ 5.Bd2 Qe7 6.Bg2 c6 7.O-O O-O 8.Bf4 Bd6
9.Bxd6 Qxd6 10.Nbd2 Nbd7 11.Qb3 a5 12.Rfd1 Re8 13.Rac1 Qb4 14.Qc2 Ra6 15.a3
Qb6 16.c5 Qc7 17.e4 Nf8 18.e5 N6d7 19.h4 Nb8 20.Bf1 Ra8 21.Bd3 Bd7 22.Ng5 h6
23.Bh7+ Nxh7 24.Qxh7+ Kf8 25.Qh8+ Ke7 26.Qxg7 hxg5 27.Qf6+ Kf8 28.hxg5 Qd8
29.Kg2 {#r} 1-0

[Event "Tournament (swiss)"]
[Site "masterchessopen.com Podolsk (Russia)"]
[Round "0"]
[White "Neverov Valeriy (UKR)"]
[Black "Sturua Zurab (GEO)"]
[Result "0-1"]
[WhiteElo "2430"]
[BlackElo "2524"]

1.d4 Nf6 2.c4 e6 3.Nf3 d5 4.g3 Bb4+ 5.Bd2 Be7 6.Bg2 O-O 7.Qb3 c6 8.O-O Ne4
9.Nc3 f5 10.Rad1 Nd7 11.Bc1 Bf6 12.Ne1 Nd6 13.cxd5 exd5 14.Bf4 Nf7 15.h4 Re8
16.Nd3 Nb6 17.Nc5 g6 18.Rfe1 h6 19.N3a4 Kg7 20.Nxb6 axb6 21.Na4 b5 22.Nc5 g5
23.hxg5 hxg5 24.Bc1 Nd6 25.e3 Rh8 26.f3 g4 27.e4 gxf3 28.e5 fxg2 29.exf6+ Qxf6
30.Bf4 Nf7 31.Kxg2 b6 32.Nd3 Ra7 33.Ne5 Re8 34.Nxf7 Kxf7 35.Be5 Qg6 36.Rh1
Rae7 37.Rh4 Rg8 38.Rdh1 f4 39.Rxf4+ Ke8 40.Rhf1 Qh5 41.Qf3 Qh3+ 42.Kf2 Bg4
43.Rh1 Bxf3 44.Rxh3 Be4 45.g4 Rf7 46.Bf6 Kd7 47.Ra3 Ke6 48.g5 Rh8 49.Bxh8
Rxf4+ 50.Kg3 Kf5 51.Bf6 Rg4+ 52.Kh3 Rg1 53.Rc3 c5 54.dxc5 Kf4 55.Kh4 Bf5
56.Rh3 Bxh3 57.Kxh3 bxc5 {#R} 0-1

[Event "Tournament (swiss)"]
[Site "masterchessopen.com Lisbon (Portugal)"]
[Date "2007.01.10"]
[Round "6"]
[White "Blalock Rex (USA)"]
[Black "Curado Manuel Joao Ferro (POR)"]
[Result "1-0"]
[WhiteElo "2204"]
[BlackElo "1943"]

1.d4 d5 2.Nf3 Nf6 3.c4 e6 4.g3 c6 5.Bg2 Bb4+ 6.Bd2 Be7 7.O-O Nbd7 8.Qc2 Ne4
9.Bf4 g5 10.Bc1 g4 11.Nfd2 Ng5 12.e4 dxc4 13.Nxc4 Nb6 14.Be3 Nxc4 15.Qxc4 Bd7
16.Nc3 Qa5 17.a3 Nf3+ 18.Bxf3 gxf3 19.e5 f5 20.Qb3 h5 21.Qd1 h4 22.Qxf3 hxg3
23.fxg3 Kf7 24.b4 Qa6 25.Ne4 b6 26.Nd6+ Bxd6 27.exd6 Rag8 28.a4 Qc4 29.b5 Rc8
30.Rfc1 Qd5 31.Qxd5 cxd5 32.Rc7 Rxc7 33.dxc7 Ke7 34.Bg5+ Kd6 35.Rc1 Bc8 36.h4
Bb7 37.Kf2 e5 38.Bf6 {#r} 1-0

[Event "Tournament (team)"]
[Site "masterchessopen.com Burgos (Spain)"]
[Date "2011.10.27"]
[Round "5"]
[White "Pijuan Herranz Manel"]
[Black "Iglesias Montes Felipe"]
[Result "1-0"]
[WhiteElo "2208"]
[BlackElo "2039"]

1.d4 Nf6 2.Nf3 e6 3.g3 d5 4.c4 Bb4+ 5.Bd2 Bxd2+ 6.Qxd2 b6 7.Bg2 Bb7 8.cxd5
exd5 9.Nc3 O-O 10.O-O Re8 11.Rac1 Na6 12.Ne5 c5 13.Rfd1 Ne4 14.Nxe4 dxe4
15.Qf4 Qe7 16.Nc4 g5 17.Qe3 Rad8 18.dxc5 Nxc5 19.Bh3 h6 20.Qa3 Bd5 21.b4 Ne6
22.Ne3 Qb7 23.Ng4 Qe7 24.Qb2 {#r} 1-0

[Event "Tournament FMDA (team)"]
[Site "masterchessopen.com Buenos Aires (Argentina)"]
[Round "9"]
[White "Scarella Enrique (ARG)"]
[Black "Hoffman Alejandro (ARG)"]
[Result "0-1"]
[WhiteElo "2378"]
[BlackElo "2444"]

1.d4 d5 2.c4 e6 3.Nf3 Nf6 4.g3 Bb4+ 5.Bd2 Be7 6.Bg2 O-O 7.O-O b6 8.cxd5 exd5
9.Bg5 h6 10.Bxf6 Bxf6 11.Nc3 Bb7 12.Qb3 Re8 13.e3 Na6 14.Rfd1 c6 15.Ne1 Nc7
16.Nd3 Ne6 17.Rac1 h5 18.a4 a5 19.Ne2 Rb8 20.Nef4 h4 21.Nh5 Bxd4 22.exd4 Nxd4
23.Qa3 Ne2+ 24.Kh1 Nxc1 25.Nxc1 Qg5 26.Nf4 Qh6 27.Kg1 g5 28.Nfe2 h3 29.Bf3 Bc8
30.Nd4 g4 31.Be2 Re4 32.Qd3 c5 33.Nb5 Bb7 34.Nc3 Rd4 35.Qe3 Qf6 36.Nb3 Rxd1+
37.Nxd1 d4 38.Qf4 Qxf4 39.gxf4 Re8 40.Nc1 d3 {#R} 0-1

[Event "Ukrainian Games"]
[Site "masterchessopen.com Alushta (Ukraine)"]
[Round "0"]
[White "Kobylkin Evgeni (UKR)"]
[Black "Maksimenko Andrei (UKR)"]
[Result "0-1"]
[WhiteElo "2320"]
[BlackElo "2515"]

1.d4 d5 2.c4 e6 3.Nf3 Nf6 4.g3 Bb4+ 5.Bd2 Be7 6.Bg2 c6 7.O-O Nbd7 8.Qc2 b6
9.Bf4 Bb7 10.cxd5 Nxd5 11.Bd2 c5 12.e4 N5f6 13.Nc3 cxd4 14.Nxd4 Nc5 15.Nde2
Qd3 16.Qxd3 Nxd3 17.Rab1 Rc8 18.Bg5 Ba6 19.Nd4 h6 20.Bd2 O-O 21.Ndb5 Bxb5
22.Nxb5 a6 23.Nc3 Rfd8 24.Be3 b5 25.Rfd1 Ng4 26.Bb6 Rd6 27.Bf1 Rxb6 28.Rxd3
Ne5 29.Rdd1 g5 30.f4 gxf4 31.gxf4 Ng6 32.f5 Ne5 33.Bh3 Rc4 34.Rbc1 Bg5 35.Rb1
b4 36.Na4 Rbc6 37.fxe6 fxe6 38.b3 Rc2 39.Rb2 Nf3+ 40.Kf1 Rxh2 41.Rxh2 Nxh2+
42.Kg1 Nf3+ 43.Kf1 Nd2+ 44.Kg1 Nf3+ 45.Kf1 Kf7 {#R} 0-1

[Event "Ukrainian Games"]
[Site "masterchessopen.com Evpatoria (Ukraine)"]
[Date "2007.05.21"]
[Round "1"]
[White "Zubarev Alexander (UKR)"]
[Black "Matviychuk Andrey (UKR)"]
[Result "1-0"]
[WhiteElo "2515"]
[BlackElo "2190"]

1.d4 Nf6 2.Nf3 d5 3.c4 e6 4.g3 c6 5.Bg2 Bb4+ 6.Bd2 Be7 7.Qb3 Ne4 8.O-O Nxd2
9.Nbxd2 O-O 10.e4 dxe4 11.Nxe4 Nd7 12.Rad1 Qb6 13.Qc2 Nf6 14.Ne5 Nxe4 15.Bxe4
g6 16.h4 f5 17.c5 Qc7 18.Bd3 Bf6 19.Rfe1 b6 20.f4 bxc5 21.dxc5 Rd8 22.Bc4 Rxd1
23.Qxd1 Qa5 24.Nd3 Bd4+ 25.Kg2 Bxc5 26.Re5 Rb8 27.Rxc5 Rxb2+ 28.Nxb2 Qxc5
29.Qd8+ Kg7 30.Qc7+ Kh6 31.Qxc8 Qe3 32.Qxe6 {#r} 1-0

[Event "Ukrainian Games (youth)"]
[Site "masterchessopen.com Evpatoria (Ukraine)"]
[Round "0"]
[White "Ushenina Anna (UKR)"]
[Black "Lahno Kateryna (UKR)"]
[Result "1-0"]
[WhiteElo "2297"]
[BlackElo "2274"]

1.d4 Nf6 2.c4 e6 3.g3 d5 4.Nf3 Bb4+ 5.Bd2 Bxd2+ 6.Nbxd2 b6 7.Bg2 Bb7 8.O-O O-O
9.cxd5 Nxd5 10.Nc4 Nd7 11.Nfe5 Rc8 12.Qa4 Nxe5 13.Nxe5 a6 14.Rac1 Qd6 15.Nd3
Qe7 16.Rc2 Rfd8 17.Rfc1 a5 18.a3 h6 19.Qb3 Qe8 20.e3 a4 21.Qc4 Kh8 22.Rd2 Kg8
23.Rdc2 Kh8 24.Rd2 Kg8 25.Rdc2 Kh8 26.Rd1 Kg8 27.Qa2 Qb5 28.Bf1 Qe8 29.Qb1 Nf6
30.Qc1 Qd7 31.Ne5 Qd6 32.Nc6 Bxc6 33.Rxc6 Qd7 34.Ba6 Ra8 35.Rxc7 Qd5 36.Bb7
Qh5 37.Bxa8 Rxa8 38.Rc8+ Rxc8 39.Qxc8+ Kh7 40.Qc2+ g6 41.Kg2 Ng4 42.h3 Nf6
43.Rd2 Qd5+ 44.f3 Qg5 45.Qc7 Kg7 46.Qf4 Qa5 47.e4 g5 48.Qe3 Nh5 49.Qc3 Qa7
50.d5+ Kg6 51.d6 Qb8 52.Qc7 {#r} 1-0

[Event "VK2 1996/97"]
[Site "masterchessopen.com NRW (Germany)"]
[Round "0"]
[White "Khasin Abram (RUS)"]
[Black "Rosen Willy (GER)"]
[Result "1-0"]
[WhiteElo "2420"]
[BlackElo "2285"]

1.d4 Nf6 2.c4 e6 3.g3 d5 4.Nf3 Bb4+ 5.Bd2 Bxd2+ 6.Nbxd2 O-O 7.Bg2 Nbd7 8.Rc1
c6 9.O-O Re8 10.Re1 e5 11.cxd5 cxd5 12.Nxe5 Nxe5 13.dxe5 Rxe5 14.Nf3 Re7
15.Nd4 Qb6 16.b3 Bg4 17.Qd3 Rc7 18.Rxc7 Qxc7 19.Nc2 Qa5 20.a3 Rc8 21.b4 Qc7
22.Ne3 Qc3 23.Qxc3 Rxc3 24.Nxg4 Nxg4 25.Bxd5 Rxa3 26.Bxb7 Rb3 27.Ra1 Rxb4
28.Rxa7 h5 29.Bd5 Nh6 30.h4 g6 31.e4 Kg7 32.Kg2 Kf8 33.f3 Rb2+ 34.Kg1 Rb1+
35.Kf2 Rb6 36.Ke3 f6 37.Kf4 Rb1 38.Rh7 Rd1 39.Be6 Re1 40.g4 hxg4 41.fxg4 g5+
42.Kf3 Nxg4 43.Bxg4 Rf1+ 44.Kg2 Rf4 45.Bf5 gxh4 46.Kh3 Rf2 47.Kxh4 Kg8 48.Ra7
Rg2 49.Ra3 Kf8 50.Rg3 Rh2+ 51.Kg4 Kg8 52.Kf4+ Kf7 53.Rh3 Rf2+ 54.Ke3 Rf1
55.Rh7+ Kg8 56.Ra7 Kf8 57.Kd4 Rd1+ 58.Kc5 Ke8 59.Be6 Re1 60.Kd6 Kf8 61.Bd5
{#r} 1-0

[Event "VK3 1997/98"]
[Site "masterchessopen.com NRW (Germany)"]
[Round "1"]
[White "Wyrwich Thomas (GER)"]
[Black "Romczik Detlef (GER)"]
[Result "0-1"]
[WhiteElo "2252"]
[BlackElo "2137"]

1.d4 Nf6 2.c4 e6 3.Nf3 d5 4.g3 Bb4+ 5.Bd2 Bxd2+ 6.Nbxd2 Nbd7 7.Bg2 c6 8.O-O
O-O 9.Qc2 Re8 10.e4 Nxe4 11.Nxe4 dxe4 12.Qxe4 Qb6 13.b3 Nf6 14.Qe3 Bd7 15.Ne5
Rad8 16.Rad1 Bc8 17.Rfe1 Nd7 18.f4 Nf8 19.Qf2 f6 20.Nf3 Qa5 21.Rd2 Qh5 22.Rde2
Ng6 23.b4 Ne7 24.Nd2 Nf5 25.Nb3 Nd6 26.c5 Nb5 27.Bf3 Qg6 28.Be4 Qh5 29.Bf3 Qg6
30.Qe3 Kf8 31.Be4 Qh5 32.a4 Nc7 33.Qd3 Kg8 34.Qc4 Nd5 35.Nd2 e5 36.Bf3 Bg4
37.Bxg4 Qxg4 38.dxe5 fxe5 39.fxe5 Qxc4 40.Nxc4 Nxb4 41.e6 Re7 42.Nd6 g6 43.Rf1
Nd5 44.Rf7 b6 45.Rxe7 Nxe7 46.Nf7 Rd1+ 47.Kg2 bxc5 48.Rc2 Rd5 49.g4 Kg7 50.g5
Nf5 51.Rb2 Nd4 52.Rb7 Kf8 53.Nh6 Rxg5+ 54.Kf2 Nxe6 55.Rxa7 c4 56.Ke3 Rc5
57.Rf7+ Ke8 58.Rf2 Ra5 59.Ra2 Nc5 60.Kd4 Nxa4 61.Re2+ Kd7 62.Kxc4 Nb6+ 63.Kb3
Rb5+ 64.Kc3 Rh5 65.Ng4 Nd5+ 66.Kb3 Rh3+ 67.Kb2 Kd6 68.Nf2 Re3 69.Rd2 h5 70.Nd1
Rf3 71.Nf2 c5 72.Ne4+ Ke5 73.Nxc5 Nf4 74.Kc2 Kf5 75.Nd7 g5 76.Kc1 g4 {#R} 0-1

[Event "Verbandsliga 2002/03"]
[Site "masterchessopen.com Germany"]
[Round "7"]
[White "Funke Reinhard (GER)"]
[Black "Kabatianski Alexandr (GER)"]
[Result "0-1"]
[WhiteElo "2126"]
[BlackElo "2444"]

1.Nf3 Nf6 2.d4 e6 3.g3 d5 4.c4 Bb4+ 5.Bd2 Be7 6.b3 O-O 7.Bg2 Nbd7 8.O-O c6
9.Bc3 b6 10.Qc2 Bb7 11.Nbd2 c5 12.Qb2 Rc8 13.dxc5 bxc5 14.e3 Qb6 15.Rfd1 Rfd8
16.cxd5 exd5 17.Bh3 Qc6 18.Rac1 Re8 19.b4 c4 20.b5 Qc7 21.Ne5 Nc5 22.Bxc8 Qxc8
23.Bd4 Bd6 24.Ndf3 Qf5 25.Nh4 Qe6 26.Nc6 Nfe4 27.Bxg7 f6 28.Nd4 Qh3 29.Bh6 Be5
30.Qe2 Qd7 31.Nhf5 Ng5 32.Qg4 Bxd4 33.Bxg5 fxg5 34.Rxd4 Ne6 35.a4 Kh8 36.Rcxc4
Rf8 37.Rc1 Qf7 38.Nd6 Qxf2+ 39.Kh1 Qxe3 40.Rcd1 Ba8 41.h3 Qe5 42.R4d2 d4+
43.Kh2 Qxd6 44.Re2 Qd5 45.Qxe6 Rf2+ 46.Rxf2 Qxe6 47.Rxd4 Bb7 48.Rfd2 Bc8 49.g4
Qe5+ 50.Kg2 Kg7 51.Kf1 Be6 52.Kg2 h5 53.Kf3 h4 54.R2d3 Qe1 55.Re4 Qg3+ 56.Ke2
Qg2+ 57.Ke3 Bf7 58.Kd4 Qc2 59.Ke3 Qc5+ 60.Kd2 Qc7 61.Red4 Be6 62.Ke3 Qh2
63.Re4 Kf7 64.Kd4 Qf2+ 65.Rde3 Qf6+ 66.Kc5 Qe7+ 67.Kc6 Qd7+ 68.Kc5 Qc7+ 69.Kb4
Qd6+ 70.Kc3 Bd5 71.Rd4 Qc5+ 72.Kd3 Ba2 73.Rde4 {#R} 0-1

[Event "Verbandsliga Muensterland 2009/10"]
[Site "masterchessopen.com Germany"]
[Date "2010.01.16"]
[Round "5"]
[White "Graelken Matthias (GER)"]
[Black "Darwisch Khaled (GER)"]
[Result "1-0"]
[WhiteElo "2136"]
[BlackElo "2049"]

1.d4 Nf6 2.c4 e6 3.Nf3 d5 4.g3 Bb4+ 5.Bd2 Qe7 6.Bg2 Nc6 7.O-O dxc4 8.Ne5 Nxe5
9.dxe5 Nd7 10.f4 Bc5+ 11.Kh1 h5 12.Nc3 h4 13.g4 h3 14.Bf3 a6 15.Ne4 Rb8 16.b3
b5 17.bxc4 bxc4 18.Rb1 Bb4 19.Qa4 Bxd2 20.Rxb8 O-O 21.Rxc8 Rxc8 22.Nxd2 Nb6
23.Qc2 Qc5 24.Ne4 Qa3 25.Ng5 g6 26.f5 Qe3 27.Nxh3 Qxe5 28.fxg6 Kg7 29.Bg2 f6
30.Nf4 Rh8 31.Nh5+ Kg8 32.Nxf6+ Kg7 33.Nh5+ Kg8 34.Qe4 Qd6 35.Qf3 Qe7 36.Qf7+
Qxf7 37.Rxf7 Rh6 38.Nf6+ {#r} 1-0

[Event "World Mindsports Games (Active Pair)"]
[Site "masterchessopen.com Beijing (China)"]
[Date "2008.10.10"]
[Round "6"]
[White "Adianto Utut (INA)"]
[Black "Socko Bartosz (POL)"]
[Result "0-1"]
[WhiteElo "2554"]
[BlackElo "2631"]

1.d4 Nf6 2.c4 e6 3.Nf3 d5 4.g3 Bb4+ 5.Bd2 a5 6.Bg2 c5 7.dxc5 Nc6 8.cxd5 Qxd5
9.Nc3 Qxc5 10.O-O Qh5 11.a3 Be7 12.h3 O-O 13.g4 Qc5 14.Be3 Qc4 15.Rc1 Rd8
16.Qc2 e5 17.Nd2 Qa6 18.g5 Ne8 19.Nd5 Be6 20.Nxe7+ Nxe7 21.Ne4 b6 22.Qc3 Rd5
23.b4 Rc8 24.Qb2 Rxc1 25.Rxc1 Nf5 26.Nc5 bxc5 27.Bxd5 Bxd5 28.Qxe5 Be6 29.Bxc5
axb4 30.axb4 Qb7 31.f3 h6 32.g6 Nf6 33.Rd1 Nd7 34.gxf7+ Kxf7 35.Qf4 g5 36.Qd2
Nxc5 37.bxc5 Qc7 38.Qe1 Qxc5+ 39.Qf2 Qe5 40.Rd3 Nh4 41.Re3 Qa1+ 42.Kh2 Qd4
43.Kg1 Qd1+ 44.Kh2 Qd6+ 45.Kg1 Ng6 46.Rd3 Qc7 47.h4 Nf4 48.Qd4 Nxe2+ {#R} 0-1

[Event "World Mindsports Games (Blitz Team)"]
[Site "masterchessopen.com Beijing (China)"]
[Date "2008.10.13"]
[Round "8"]
[White "Batchuluun Cegmed (MGL)"]
[Black "Vavrak Peter (SVK)"]
[Result "1-0"]
[WhiteElo "2346"]
[BlackElo "2478"]

1.d4 e6 2.c4 Nf6 3.g3 d5 4.Nf3 Bb4+ 5.Bd2 Be7 6.Qc2 c6 7.Bg2 O-O 8.O-O b6
9.Bf4 Ba6 10.Nbd2 Nbd7 11.Rac1 Rc8 12.Qa4 Bxc4 13.Nxc4 b5 14.Qxa7 bxc4 15.b3
Ra8 16.Qb7 Qb6 17.Qxb6 Nxb6 18.Bc7 Nfd7 19.Ne5 Nxe5 20.dxe5 Nd7 21.bxc4 Rfc8
22.cxd5 cxd5 23.Bd6 Kf8 24.e4 d4 25.Rfd1 Bxd6 26.exd6 Rxc1 27.Rxc1 Ke8 28.e5
Rb8 29.Bc6 d3 30.Rd1 Kd8 31.Bxd7 Kxd7 32.Rxd3 Ra8 33.a3 g5 34.Kg2 Ra4 35.Rc3
Ra5 36.f4 gxf4 37.gxf4 Ra4 38.Kg3 Ra5 39.Kg4 Ra4 40.Rc7+ Ke8 41.Re7+ Kf8
42.Rb7 Rxa3 43.Rb8+ Kg7 44.d7 {#r} 1-0